00356nam a2200133Ia 4500008004100000020001500041041001200056082001600068100001500084245006000099260003900159300000800198650001600206221030s9999 xx 000 0 und d a8129700832 aEnglish a105.23bJai aA. K. Jain 0aFundamentals of Digital Image Processingcby A. K. Jain bPearson EducaitonaNew Delhic2005 a586 aBE Computer